000 01154cam a22002777a 4500
001 7431
003 BD-RjUL
005 20211208234419.0
008 150114r19511920enk d 000 0 eng
035 _a(OCoLC)ocm17811193
_a(BD-RjUL)7474
040 _aDLC
_cEEM
_dOCLCQ
_dDLC
_dLuthar, I. S.
_beng
041 _aeng
082 _2347.7
_bTOP
100 1 _aTovey, Philip,
_923230
245 1 4 _aThe practical company secretary;
_ba comprehensive encyclopaedia of information and direction on all matters connected with the work of a company secretary, fully illustrated with the necessary forms and documents,
_cedited by Alfred Read. With contributions by eminent authorities on company law and secretarial practice.
250 _aBeing the 6th ed. of Tovey's Dictionary of secretarial law and practice.
260 _aLondon,
_bPitman
_c1951[printing1920]
300 _axv, 1134 p. ;
_c26 cm.
500 _aIncludes legislation.
650 0 _aCorporation law
_zGreat Britain
_vDictionaries.
_923231
700 1 _aRead, Alfred,
_eed.
_923232
710 1 _aGreat Britain.
_923233
942 _2ddc
_cBK
999 _c7431
_d7431